000
00321nam a2200133Ia 4500
005
20260328101530.0
008
260328s9999||||xx |||||||||||||| ||und||
100
_a
Ketchum, Morris
245
0
_a
Shops and Stores /
_c
Morris Ketchum
260
_b
Reinhold
300
_a
308 p.
650
_a
ARQUITECTURA CIVIL
942
_c
BK
999
_c
9948
_d
9948